00833cam a2200241 a 450000100060000000300080000600500170001400800390003102000150007003500190008504000370010404100080014108200220014924500600017126000460023130000410027750400410031865000290035970000360038894200120042499900170043695201380045311222BD-RjUL20211208235106.0140126s1967 nyuab b 001 0 eng a0471968919 a(BD-RjUL)11271 aDLCcDLCdUKMdEQOdBD-RjULbeng aeng a549.114bULT 196700aUltramafic and related rocks /cedited by P. J. Wyllie. aNew York ;aLondon :bJohn Wiley,cc1967. axvii, 464 p. :bill., maps ;c25 cm. aBibliography (p. 417-446) and index. 0aUltrabasic rocks.9347131 aWyllie, Peter J.,d1930-934714 2ddccBK c11222d11222 00102ddc40718NFICaRUCLbRUCLcReadingd1979-05-31eHelfersg24.55l0o549.114 ULT 1967r2014-01-26 00:00:00tC-1w2014-01-26yBK